000 00258nam a22001217a 4500
008 181015b xxu||||| |||| 00| 0 eng d
041 _aeng
080 _a321
100 _a20
101 _apol
245 _aToward Democarcy
_cKoenic L.W
942 _2udc
_cBK
999 _c49777
_d49777